Making rugs : a guide to creative rug making
| Main Author: | |
|---|---|
| Other Authors: | |
| Format: | Book |
| Published: |
London :
Diamond Books ,
1993
|
| Subjects: |
MARC
| LEADER | 00000cam a2200000 7i4500 | ||
|---|---|---|---|
| 001 | 0000016721 | ||
| 005 | 20080429.0 | ||
| 008 | 080428 | ||
| 020 | |a 0261660284 | ||
| 090 | 0 | 0 | |a 746.7 |b COS |
| 100 | 1 | |a Coss, Melinda | |
| 245 | 1 | 0 | |a Making rugs : |b a guide to creative rug making |c Melinda Coss, Sylvie Soudan |
| 260 | |a London : |b Diamond Books , |c 1993 | ||
| 650 | 0 | |a Decorative arts |x Rugs | |
| 700 | 1 | |a Soudan,Sylvie | |
| 999 | |a 0001013867 |b Book |c Adult Collection |e Cawangan Urban Transformation Centre | ||
| 999 | |a 0001013868 |b Book |c REFERENCE |e Perbadanan Perpustakaan Awam Johor | ||